书目信息 |
| 题名: |
白朗宁夫人抒情十四行诗集
|
|
| 作者: | 方平 译 | |
| 分册: | ||
| 出版信息: | 成都 四川人民出版社 1982 |
|
| 页数: | 190页 | |
| 开本: | 19cm | |
| 丛书名: | ||
| 单 册: | ||
| 中图分类: | I561.2 | |
| 科图分类: | ||
| 主题词: | 抒情诗--英国--近代--选集 , 文学 , 十四行诗--英国--近代--选集 | |
| 电子资源: | ||
| ISBN: | ||
| 000 | 00727nam0 2200253 45 | |
| 001 | 0182002459 | |
| 005 | 20060429151527.71 | |
| 010 | @dCNY0.62 | |
| 091 | @a10118.502 | |
| 100 | @a19950421d1982 em y0chiy0121 ea | |
| 101 | 1 | @achi@ceng |
| 102 | @aCN@b510000 | |
| 105 | @ay z 000gy | |
| 200 | 10 | @a白朗宁夫人抒情十四行诗集@Abai lang ning fu ren shu qing shi si hang shi ji@f方平译@Ffang ping yi |
| 210 | @a成都@c四川人民出版社@d1982 | |
| 215 | @a190页@d19cm | |
| 606 | @a抒情诗@y英国@z近代@x选集 | |
| 606 | 0 | @a文学 |
| 606 | @a十四行诗@y英国@z近代@x选集 | |
| 690 | @aI561.2@v4 | |
| 701 | 0 | @a方平@Afang ping@4译 |
| 801 | 2 | @aCN@bNLC@c20060429 |
| 801 | 0 | @aCN@b上海图书馆@c20040407 |
| 905 | @f1@b75098@dI561.2@e30 | |
| 白朗宁夫人抒情十四行诗集/方平译.-成都:四川人民出版社,1982 |
| 190页;19cm |
| ISBN :CNY0.62 |
| ● |
| 相关链接 |
|
|
|
|
正题名:白朗宁夫人抒情十四行诗集
索取号:I561.2/30
 
预约/预借
| 序号 | 登录号 | 条形码 | 馆藏地/架位号 | 状态 | 备注 |
| 1 | 0075100 | 202305040 | 密集书库/ [索取号:I561.2/30] | 在馆 |